Phiên toà sơ thẩm dân sự : những vấn đề lý luận và thực tiễn
Giới thiệu những vấn đề lý luận cơ bản về phiên toà sơ thẩm dân sự; pháp luật Việt Nam hiện hành về phiên toà sơ thẩm dân sự và thực tiễn thực hiện; hoàn thiện và thực hiện pháp luật về phiên toà sơ thẩm dân sự ở việt Nam....
Đã lưu trong:
| Tác giả chính: | |
|---|---|
| Định dạng: | Sách |
| Ngôn ngữ: | Undetermined |
| Được phát hành: |
Hà Nội
Chính trị Quốc gia
2011
|
| Những chủ đề: | |
| Các nhãn: |
Thêm thẻ
Không có thẻ, Là người đầu tiên thẻ bản ghi này!
|
| Thư viện lưu trữ: | Trung tâm Học liệu Trường Đại học Cần Thơ |
|---|
| LEADER | 01077nam a2200229Ia 4500 | ||
|---|---|---|---|
| 001 | CTU_173892 | ||
| 008 | 210402s9999 xx 000 0 und d | ||
| 020 | |c 45000 | ||
| 082 | |a 347.597 | ||
| 082 | |b H527 | ||
| 100 | |a Bùi, Thị Huyền | ||
| 245 | 0 | |a Phiên toà sơ thẩm dân sự : | |
| 245 | 0 | |b những vấn đề lý luận và thực tiễn | |
| 245 | 0 | |c Bùi Thị Huyền | |
| 260 | |a Hà Nội | ||
| 260 | |b Chính trị Quốc gia | ||
| 260 | |c 2011 | ||
| 520 | |a Giới thiệu những vấn đề lý luận cơ bản về phiên toà sơ thẩm dân sự; pháp luật Việt Nam hiện hành về phiên toà sơ thẩm dân sự và thực tiễn thực hiện; hoàn thiện và thực hiện pháp luật về phiên toà sơ thẩm dân sự ở việt Nam. | ||
| 650 | |a Laws,Pháp luật | ||
| 650 | |z Vietnam,Việt Nam | ||
| 904 | |i Nguyễn Trung Hiếu, Hải | ||
| 980 | |a Trung tâm Học liệu Trường Đại học Cần Thơ | ||